कामगार केसरी रामभाऊ रूईकर जीवन-चरित्र / (Record no. 52826)

MARC details
000 -LEADER
fixed length control field 01161nam a22002537a 4500
005 - DATE AND TIME OF LATEST TRANSACTION
control field 2011061005435.0
008 - FIXED-LENGTH DATA ELEMENTS--GENERAL INFORMATION
fixed length control field 110610t xxu||||| |||| 00| 0 mar d
010 ## - LCCN (DPL NO)
LC control number MAR-20919
020 ## - INTERNATIONAL STANDARD BOOK NUMBER
Terms of availability 100.00
035 ## - SYSTEM CONTROL NUMBER
System control number MR-13577
037 ## - SOURCE OF ACQUISITION
Source of stock number/acquisition DBAD / PUB
040 ## - CATALOGING SOURCE
Original cataloging agency DPL
Language of cataloging MR
082 ## - DEWEY DECIMAL CLASSIFICATION NUMBER
Classification number 920
100 ## - MAIN ENTRY--PERSONAL NAME
Personal name रूईकर,मालती
9 (RLIN) 28558
245 ## - TITLE STATEMENT
Title कामगार केसरी रामभाऊ रूईकर जीवन-चरित्र /
Statement of responsibility, etc मालती रूईकर
246 ## - VARYING FORM OF TITLE
Title proper/short title kamgar kesari Rambhau Ruikar Jeevan Charita
Remainder of title by Malati Ruikar
260 ## - PUBLICATION, DISTRIBUTION, ETC. (IMPRINT)
Place of publication, distribution, etc नागपूर
Name of publisher, distributor, etc मंगेश प्रकाशन
Date of publication, distribution, etc 2010
270 ## - ADDRESS
Address 23 नवी रामदास पेठ, सोमलवार शाळेजवळ,
City नागपूर
Postal code 440010
300 ## - PHYSICAL DESCRIPTION
Extent 140पृ.
Dimensions 21सेमी(अजिल्द)
Other physical details सचित्र
650 ## - SUBJECT ADDED ENTRY--TOPICAL TERM
Topical term or geographic name as entry element जीवन चरित्र
9 (RLIN) 28569
650 ## - SUBJECT ADDED ENTRY--TOPICAL TERM
Topical term or geographic name as entry element Biography
9 (RLIN) 28570
942 ## - ADDED ENTRY ELEMENTS (KOHA)
Source of classification or shelving scheme Dewey Decimal Classification
Item type Marathi Books
Classification part 920
Call number suffix रूईक
Holdings
Withdrawn status Lost status Source of classification or shelving scheme Damaged status Not for loan Collection code Home library Current library Date acquired Source of acquisition Cost, normal purchase price Total Checkouts Full call number Barcode Date last seen Copy number Cost, replacement price Koha item type
    Dewey Decimal Classification   Not For Loan Non-fiction D.B.Act.Division D.B.Act.Division 10/06/2011 DBAD / PUB 100.00   920 रूईक MR-13577 10/06/2011 1 100.00 Marathi Books

© Delhi Public Library
Hit Counter
free hit counter